Nové hodnotenie bánk

Vývoj bankového sektora na Slovensku. Hodnotenia bánk systémom CAMELS. Základné modely pôsobnosti bankového dohľadu. Nové hodnotenie obozretného podnikania bánk na Slovensku. Hlavné oblasti hodnotenia: kapitálová primeranosť, kvalita aktív, manažment banky, výnosy banky, likvidita banky.

Salvato in:
Dettagli Bibliografici
Autore principale: Bačová, Monika
Natura: Capitolo di libro
Lingua:slovacco
Soggetti:
Tags: Aggiungi Tag
Nessun Tag, puoi essere il primo ad aggiungerne!!

MARC

LEADER 00000naa$a2200000$$$4500
001 0013944
005 20240502071359.2
041 0 |a slo 
044 |a SK 
245 1 0 |a Nové hodnotenie bánk  |c Monika Bačová 
520 |a Vývoj bankového sektora na Slovensku. Hodnotenia bánk systémom CAMELS. Základné modely pôsobnosti bankového dohľadu. Nové hodnotenie obozretného podnikania bánk na Slovensku. Hlavné oblasti hodnotenia: kapitálová primeranosť, kvalita aktív, manažment banky, výnosy banky, likvidita banky. 
610 2 0 |a banky 
610 2 0 |a dohľad bankový 
610 2 0 |a riziko podnikateľské 
610 2 0 |a podnikanie 
610 2 0 |a analýzy 
610 2 0 |a metódy 
610 2 0 |a kapitál bankový 
610 2 0 |a aktíva 
610 2 0 |a manažment 
610 2 0 |a zisk 
610 2 0 |a likvidita 
100 1 |a Bačová, Monika